|
|
|
|
| LEADER |
00000nam a22000004a 4500 |
| 001 |
AR-BbUGT3223 |
| 003 |
AR-BbUGT |
| 005 |
20181220001733.0 |
| 007 |
ta |
| 008 |
061101t1973 |||a |0|||0| d |
| 020 |
|
|
|a 84-281-0242-2
|
| 040 |
|
|
|a AR-BbUGT
|b spa
|c AR-BbUGT
|
| 082 |
0 |
4 |
|a 711.4
|
| 100 |
1 |
|
|a Perloff, Harvey S.
|
| 245 |
1 |
3 |
|a La calidad del medio ambiente urbano /
|c Harvey S. Perloff.
|
| 260 |
|
|
|a Barcelona :
|b Oikos-Tau,
|c 1973.
|
| 300 |
|
|
|a 344 p. :
|b il.
|
| 490 |
1 |
|
|a Colección de urbanismo;
|v no. 2
|
| 653 |
|
|
|a Medio ambiente urbano
|
| 653 |
|
|
|a Polución
|
| 653 |
|
|
|a Balances de materiales
|
| 653 |
|
|
|a Conversión energética
|
| 653 |
|
|
|a Residuos urbanos
|
| 653 |
|
|
|a Contaminación
|
| 653 |
|
|
|a Espacio urbano cerrado
|
| 653 |
|
|
|a Transportes
|
| 653 |
|
|
|a Espacio abierto
|
| 653 |
|
|
|a Diseño urbano
|
| 653 |
|
|
|a Embalses artificiales
|
| 653 |
|
|
|a Recursos de amenidad
|
| 653 |
|
|
|a Planificación urbana
|
| 653 |
|
|
|a Suelo urbano
|
| 653 |
|
|
|a Modelos de urbanización
|
| 653 |
|
|
|a Ciudades
|
| 830 |
|
0 |
|a Colección de urbanismo;
|v no. 2
|
| 942 |
|
|
|c BK
|h 711.4
|i P422
|2 ddc
|6 711_400000000000000_P422
|
| 999 |
|
|
|c 10674
|d 10674
|